[Event "Flint op 07"]
[Site "Flint"]
[Date "2002.07.27"]
[Round "1"]
[White "Zatonskih, Anna"]
[Black "Lawitzke, John"]
[Result "1-0"]
[WhiteElo "2471"]
[BlackElo "896"]
[PlyCount "51"]
[EventDate "2002.07.27"]
[EventType "swiss"]
[EventRounds "5"]
[EventCountry "USA"]
[SourceTitle "EXT 2009"]
[Source "ChessBase"]
[SourceDate "2008.11.26"]
[SourceVersion "1"]
[SourceVersionDate "2008.11.26"]
[SourceQuality "1"]

1. e4 e6 2. d4 d5 3. Nd2 Nf6 4. e5 Nfd7 5. c3 c5 6. Bd3 Nc6 7. Ne2 Qb6 8. Nf3 Be7 9. 0-0 f6 10. exf6 Nxf6 11. a3 0-0 12. b4 cxd4 13. cxd4 Bd7 14. Bg5 Rac8 15. Re1 Nd8 16. Nf4 Nf7 17. Bxf6 Bxf6 18. Qb1 Nh8 19. Bxh7+ Kf7 20. Ng6 Rfe8 21. Nfe5+ Bxe5 22. Nxe5+ Ke7 23. Qd3 Rf8 24. Qg3 Qxd4 25. Qxg7+ Nf7 26. Ng6+ 1-0